MARC

LEADER 00000naa2a2200000 4500
001 428307
005 20231101074824.0
035 |a (RuTPU)RU\TPU\prd\87845 
035 |a RU\TPU\prd\9111 
090 |a 428307 
100 |a 20101008a2002 k y0rusy50 ca 
101 0 |a rus 
102 |a RU 
200 1 |a Магнитный структуроскоп СМ-401  |f А. М. Шанаурин [и др.] 
225 1 |a Магнитные методы 
320 |a Библиогр.: 20 назв. 
461 1 |0 (RuTPU)RU\TPU\prd\151  |t Дефектоскопия  |d 1965- 
463 1 |0 (RuTPU)RU\TPU\prd\87843  |t № 6  |v С. 40-48  |d 2002 
610 1 |a структуроскоп С-401 
610 1 |a операции 
610 1 |a технические характеристики 
610 1 |a погрешности 
610 1 |a коэрцитивная сила 
610 1 |a преобразователи 
610 1 |a рузультаты измерений 
675 |a 620.179.14  |v 3 
701 1 |a Шанаурин  |b А. М. 
701 1 |a Векслер  |b А. З. 
701 1 |a Ничипурук  |b А. П. 
701 1 |a Бида  |b Г. В. 
701 1 |a Ваттолин  |b С. М. 
801 1 |a RU  |b 63413507  |c 20021213  |g PSBO 
801 2 |a RU  |b 63413507  |c 20131016  |g RCR 
942 |c BK